| 000 | 00384 a2200145 4500 | ||
|---|---|---|---|
| 999 |
_c4248 _d4248 |
||
| 020 | _a978220000 | ||
| 050 | _aQA76.76 HOL 1992 | ||
| 100 |
_aHolmes., B.J _eauthor |
||
| 245 |
_aConvert to C and C / _cJ.B Holmes |
||
| 264 |
_aLondon: _bDP Publications., _c1992 |
||
| 300 | _a310 pgs | ||
| 500 | _alncludes index | ||
| 650 | _ainformation technology | ||
| 942 |
_2lcc _cBK _h76.76 _iHOL _kQA |
||